000 00610nam a2200145Ia 4500
008 151213s9999 xx 000 0 und d
100 _aসিরাজুল ইসলাম চেীধুরী।
245 _aনিরাশ্রয় গৃহী ও অন্যান্য প্রবন্ধ।
_cসিরাজুল ইসলাম চেীধুরী।
260 _aঢাকা
_bবর্ণ মিছিল।
_c1974
300 _a8463 p.
650 _aBangla
650 _aBengali Literature
700 _aসিরাজুল ইসলাম চেীধুরী।
999 _c4301
_d4301